000 00470nam a2200217Ia 4500
003 0100
008 130303s9999 xx 000 0 und d
020 _a0375406190
040 _cARRUPELIB
050 _aHD75.S455 1999
100 _aSen, Amartya
245 _aDevelopment as freedom
260 _aNew York
260 _bAlfred A Knopf
260 _C1999
300 _a366p.
300 _b 24cm
650 _bGod
650 _cOntology
942 _2lcc
_013
999 _c58460
_d58460